| 000 | 00488nam a2200157 i 4500 | ||
|---|---|---|---|
| 001 | 142856 | ||
| 003 | ES-MaACL | ||
| 005 | 20230906200637.0 | ||
| 007 | t| | ||
| 008 | 071010s2006 sp ||||1| spa d | ||
| 100 | 1 |
_aVidal Isern, Antonio-Carlos. _9114493 |
|
| 245 | 1 | 3 |
_aLa catedral viviente _b: novela / _cAntonio-Carlos Vidal Isern. |
| 260 |
_aPalma de Mallorca : _b[s.n.], _c1957 ( _fTip. Nueva Balear) |
||
| 300 |
_a341 p. : _bil. ; _c18 cm. |
||
| 852 |
_aES-MaACL _jC-12586 _bR.40495 |
||
| 999 |
_c142856 _d142856 |
||